Jayasi granthawali (जायसी ग्रंथावली ) (Record no. 91887)

MARC details
000 -LEADER
fixed length control field a
005 - DATE AND TIME OF LATEST TRANSACTION
control field 20190724152136.0
008 - FIXED-LENGTH DATA ELEMENTS--GENERAL INFORMATION
fixed length control field 190724b ||||| |||| 00| 0 eng d
020 ## - INTERNATIONAL STANDARD BOOK NUMBER
International Standard Book Number 9789383144099
080 ## - UNIVERSAL DECIMAL CLASSIFICATION NUMBER
Universal Decimal Classification number 89H-1(JAY)
Item number JAY
245 ## - TITLE STATEMENT
Title Jayasi granthawali (जायसी ग्रंथावली )
260 ## - PUBLICATION, DISTRIBUTION, ETC. (IMPRINT)
Name of publisher, distributor, etc Shubam publication
Place of publication, distribution, etc Kanpur
Date of publication, distribution, etc 2016
300 ## - PHYSICAL DESCRIPTION
Extent 495p.
653 ## - INDEX TERM--UNCONTROLLED
Uncontrolled term Complete works- Jayasi-Hindi literature
700 ## - ADDED ENTRY--PERSONAL NAME
Personal name Shukla, Acharya Ramchandra Ed.by
942 ## - ADDED ENTRY ELEMENTS (KOHA)
item type Books
Holdings
Lost status Source of classification or shelving scheme Not for loan Home library Current library Date acquired Cost, normal purchase price Total Checkouts Total Renewals Full call number Barcode Date last seen Date checked out Cost, replacement price Price effective from Koha item type
  Universal Decimal Classification   University Library University Library 23/03/2018 0.00 4 2 89H-1(JAY) JAY 00082418 20/03/2023 03/03/2023 0.00 23/03/2018 Books
University Library, CUSAT